| 000 | 01165nam a22002895i 4500 | ||
|---|---|---|---|
| 001 | 153597 | ||
| 003 | ES-MaACL | ||
| 005 | 20250728181404.0 | ||
| 008 | 961205s1861 fr |||| | fre d | ||
| 080 | _a327(456.31:44)"18" | ||
| 080 | _a327(44:456.31)"18" | ||
| 080 | _a94(450)"1849/70" | ||
| 080 | _a272-732.2:321 | ||
| 110 | 1 |
_aOrleans (Diócesis). _bObispo (1849-1878 : Félix Dupanloup) _9176169 |
|
| 245 | 1 | 0 |
_aLettre à M. le Vte de la Guéronnière en réponse à sa brochure La France, Rome et l'Italie / _cpar Mgr l'Évêque d'Orléans. |
| 260 |
_aParis : _bCharles Douniol, _c1861. |
||
| 300 |
_a31 p. ; _c23 cm. |
||
| 600 | 1 | 4 |
_aLa Guéronnière, Arthur de ( _d1816-1875) _9176174 |
| 610 | 2 | 4 |
_aIglesia Católica- _xRelaciones- _zFrancia. _9172914 |
| 650 | 4 |
_aPapas- _xPoder temporal. _9153316 |
|
| 651 | 4 |
_aFrancia- _xRelaciones- _xIglesia Católica. _9172913 |
|
| 651 | 4 |
_aItalia- _xHistoria- _y1849-1870. _98869 |
|
| 700 | 1 |
_aDupanloup, Félix, _d1802-1878 _946079 |
|
| 740 | 3 | 2 | _aLa France, Rome et l'Italie. |
| 852 | 4 |
_aES-MaACL _jT-77-F-9 _z- Enc. hol., falto de cub. original _z- Enc. en un vol. facticio |
|
| 999 |
_c153597 _d153597 |
||